Economic Shocks and Globalisation Between Deglobalisation and Slowbalisation

Guardado en:
Detalles Bibliográficos
Otros Autores: Loots, Elsabé
Formato: Libro
Lenguaje:inglés
Publicado: Abingdon Routledge 2024
Edición:1st Edition
Materias:
Etiquetas: Agregar Etiqueta
Sin Etiquetas, Sea el primero en etiquetar este registro!

MARC

LEADER 00000nam a2200000 4500
001 0312613
005 20251022132507.4
020 |a 9781003460459 
041 0 |a eng 
044 |a GB 
245 1 0 |a Economic Shocks and Globalisation  |b Between Deglobalisation and Slowbalisation  |c Edited by Elsabé Loots 
250 |a 1st Edition 
264 1 |a Abingdon  |b Routledge  |c 2024 
300 |a 292 s. 
500 |a Taylor and Francis e-books. 
610 2 0 |a globalizácia 
610 2 0 |a investície priame zahraničné 
610 2 0 |a reťazce hodnotové globálne 
610 2 0 |a geopolitika 
700 1 |a Loots, Elsabé